Loading...
| Current Events | 2 | 10.00 | 50% | 50% | 0% |
| Fine Arts - Auditory Fine Arts | 5 | 20.00 | 100% | 80% | 20% |
| Fine Arts - Other Fine Arts | 5 | 14.00 | 100% | 40% | 0% |
| Fine Arts - Visual Fine Arts | 9 | 12.22 | 89% | 22% | 11% |
| History - American History | 5 | 14.00 | 100% | 40% | 0% |
| History - European History | 7 | 14.29 | 100% | 43% | 0% |
| History - Other History | 5 | 12.00 | 100% | 0% | 20% |
| History - World History | 6 | 15.00 | 100% | 50% | 0% |
| Literature - American Literature | 6 | 15.00 | 100% | 50% | 0% |
| Literature - British Literature | 6 | 11.67 | 100% | 17% | 0% |
| Literature - European Literature | 3 | 13.33 | 100% | 33% | 0% |
| Literature - World Literature | 7 | 17.14 | 100% | 71% | 0% |
| Mythology | 7 | 12.86 | 100% | 29% | 0% |
| Other Academic | 1 | 10.00 | 100% | 0% | 0% |
| Philosophy | 5 | 14.00 | 100% | 40% | 0% |
| Pop Culture | 4 | 15.00 | 100% | 25% | 25% |
| Religion | 5 | 12.00 | 80% | 40% | 0% |
| Science - Biology | 6 | 15.00 | 100% | 50% | 0% |
| Science - Chemistry | 5 | 20.00 | 100% | 100% | 0% |
| Science - Other Science | 3 | 20.00 | 100% | 67% | 33% |
| Science - Physics | 6 | 16.67 | 100% | 67% | 0% |
| Social Science | 6 | 11.67 | 83% | 33% | 0% |